MARC

LEADER 00000nam0a2200000 4500
001 234528
005 20231101231329.0
035 |a (RuTPU)RU\TPU\book\255652 
090 |a 234528 
100 |a 20130326d1925 k y0rusy50 ca 
101 0 |a rus 
102 |a RU 
105 |a a z 001zy 
200 1 |a Очерк месторождений цветных камней Юго-Восточного Забайкалья  |f П. П. Сущинский 
210 |a Москва  |d 1925 
215 |a 92 с.  |c ил. 
225 1 |a Труды института прикладной минералогии и петрографии  |v Вып. 16 
320 |a Библиогр.: с. 87. 
606 1 |a Цветные камни  |2 stltpush  |3 (RuTPU)RU\TPU\subj\17826  |9 43390 
610 1 |a месторождения 
610 1 |a Забайкалье 
610 1 |a геологический очерк 
610 1 |a орография 
610 1 |a практическое использование 
675 |a 679.87  |v 3 
700 1 |a Сущинский  |b П. П. 
801 1 |a RU  |b 63413507  |c 20130326 
801 2 |a RU  |b 63413507  |c 20210330  |g RCR 
942 |c BK